[Event "Dortmund SuperGM 24th"]
[Site "Dortmund"]
[Date "1996.07.13"]
[Round "8"]
[White "Anand, Viswanathan"]
[Black "Polgar, Judit"]
[Result "1-0"]
[WhiteElo "2735"]
[BlackElo "2665"]
[Annotator "Anand,V"]
[PlyCount "71"]
[EventDate "1996.07.05"]
[EventType "tourn"]
[EventRounds "9"]
[EventCountry "GER"]
[EventCategory "18"]
[SourceTitle "CBM 054"]
[Source "ChessBase"]
[SourceDate "1996.10.01"]
[SourceVersion "1"]
[SourceVersionDate "1996.10.01"]
[SourceQuality "1"]

1. e4 {Dolmatov} c5 2. Nc3 d6 3. Nf3 a6 4. d4 cxd4 5. Nxd4 Nf6 6. Be2 e6 7. O-O
Nbd7 8. f4 b5 9. Bf3 Bb7 10. e5 (10. a3 {Dolmatov} Qc7) 10... Bxf3 11. Nxf3
dxe5 12. fxe5 Ng4 (12... b4 {Dolmatov} 13. exf6 bxc3 14. fxg7 Bxg7 15. b3 O-O
16. Qe2 Qa5 17. a4 Nf6 18. Ne5 Qd5 19. Ba3 Rfe8 20. Rae1 {Cseshkovsky,
V-Kupreichik,V/URS/1981/}) 13. Qe2 (13. Qe1 Ndxe5 14. Nxe5 Qd4+ 15. Kh1 Qxe5
$15) (13. Bf4 Bc5+ 14. Kh1 Nf2+ 15. Rxf2 Bxf2 16. Ne4 Bc5 $15) 13... b4 $1 (
13... Ndxe5 14. Nxe5 Qd4+ 15. Kh1 Nxe5 16. Bf4 $16) (13... Rc8 14. Bf4 Be7 15.
Rad1 Qb6+ 16. Kh1 Nf8 17. Ng5 $14 {Jansa,V-Planinc,A/Amsterdam/1974/} Bxg5) 14.
Na4 (14. Ne4 Ndxe5 15. Nxe5 Nxe5) (14. Nd1 {/\ Qe4, h3} Ndxe5 $1 15. Nxe5 Qd4+
16. Be3 (16. Kh1 Nxe5 {>< Nd1}) 16... Nxe3 17. Qxe3 (17. Nf3 Qc4 $1) 17... Bc5
$17) 14... Rc8 (14... Qa5 15. Qe4 $16 (15. Qe4 {Dolmatov} Rc8 16. Qxg4 Qxa4 17.
c4 $16)) 15. Bf4 (15. h3 Qa5 $15) 15... Qa5 16. b3 Qb5 17. Rae1 h5 (17... Qxe2
$5 {Dolmatov} 18. Rxe2 h5 19. h3 Nh6 20. Nd4) 18. Qd2 Nc5 19. Nb2 (19. h3 $2
Nxa4 20. bxa4 Bc5+ (20... Qc5+ 21. Kh1 Nh6 $13) 21. Kh1 Qc4 $1 22. hxg4 hxg4+
23. Nh2 Rd8 24. Qe2 (24. Qc1 g5 25. Bg3 Qc3 $1) 24... Qxf4 $3 25. Rxf4 g3 $19)
19... Rd8 20. Qe2 $10 (20. Qc1) 20... Qxe2 21. Rxe2 f5 $2 (21... Be7 22. Nc4
Nh6 23. Bd2 $14) 22. exf6 $16 gxf6 23. Bd2 $1 {>< Ps b4,e6,f6} a5 (23... e5 {
Dolmatov} 24. Bxb4 Ne6 25. Bxf8 Rxf8 $132) 24. Nc4 e5 $2 25. h3 Nh6 26. Nfxe5
$1 fxe5 27. Rxe5+ Kd7 28. Rd5+ (28. Bxh6 $1 Rxh6 29. Rd5+ Bd6 30. Nxd6 Kc6 31.
Rxc5+ $1 Kxc5 32. Nf7 $18) 28... Kc8 (28... Kc7 {Dolmatov} 29. Rxf8 Rxd5 30.
Rxh8 $16) 29. Rxf8 $1 $18 Rdxf8 30. Rxc5+ Kb8 31. Rxa5 h4 32. Rb5+ $1 (32. Bxb4
Rf5 33. Bd6+ Kb7 34. Be5 Rd8) 32... Kc7 33. Bxb4 Re8 34. Bd6+ Kd7 35. Rb7+ Ke6
36. Be5 (36. Be5 Rhg8 (36... Rhf8 {Dolmatov} 37. Rb6+) 37. Rb6+ $18) 1-0

[Event "Geneve PCA-GP Credit Suisse"]
[Site "Geneve"]
[Date "1996.09.01"]
[Round "3.1"]
[White "Speelman, Jonathan S"]
[Black "Anand, Viswanathan"]
[Result "1/2-1/2"]
[WhiteElo "2625"]
[BlackElo "2750"]
[Annotator "Anand,V"]
[PlyCount "105"]
[EventDate "1996.08.??"]
[EventType "k.o. (rapid)"]
[EventRounds "4"]
[EventCountry "SUI"]
[SourceTitle "CBM 054 Extra"]
[Source "ChessBase"]
[SourceDate "1996.11.01"]
[SourceVersion "1"]
[SourceVersionDate "1996.11.01"]
[SourceQuality "1"]

1. e4 c5 2. Nf3 d6 3. Bb5+ Nd7 4. O-O Ngf6 5. Re1 a6 6. Bf1 g6 $2 (6... b6 {
Shirov-Kasparov Linares 1994}) 7. c3 Ne5 8. d4 Nxf3+ 9. Qxf3 cxd4 (9... Bg7 10.
e5 $16) 10. cxd4 Bg7 11. Nc3 O-O 12. e5 $16 Ng4 13. Bf4 Nh6 14. h3 Nf5 15. Rad1
Qb6 (15... Qa5 $5) 16. Nd5 Qa5 17. b4 {OK, I can resign here, but if you want
to continue, you might as well take the P.} Qxa2 18. Rd2 (18. g4 Be6 (18... Nh4
19. Nxe7+ Kh8 20. Qg3) 19. Nc3 Nh4 20. Qg3 $18) 18... Qa4 19. g4 e6 20. gxf5 (
20. Nf6+ $1 {This would have been curtains.} Bxf6 21. exf6 Nxd4 (21... Nh4 22.
Qg3 (22. Qe3 Qxb4 23. Bg3 Qxd2 $1) 22... g5 23. Bxg5 Ng6 24. h4 $18) 22. Rxd4
e5 23. Bh6 $1 (23. Rxd6 Qxb4) (23. Bxe5 dxe5 24. Qe3 Qc6 $1) 23... exd4 24.
Bxf8 Kxf8 25. Qf4 Be6 26. Rxe6 $1 $18) 20... exd5 21. f6 Bh8 22. Qxd5 $2 (22.
Qc3 $18) 22... Qxb4 23. e6 {Having said "A"...} Bxe6 24. Rxe6 fxe6 25. Qxe6+
Rf7 26. Bc4 Raf8 27. Bh6 (27. Re2 $1 Bxf6 28. Bxd6 Qb1+ 29. Re1 (29. Kg2 Kg7
$17) 29... Qf5 30. Qxf5 gxf5 31. Bxf8 Kxf8 32. Bxf7 Kxf7 33. d5 {The same
position as in the game, but without Black's b-P!}) (27. Bxd6 Qxd2 28. Bxf8
Qg5+ {and Qf6}) 27... Qb1+ 28. Kg2 Qf5 29. Qxf5 gxf5 30. Bxf8 Kxf8 31. Bxf7
Kxf7 32. Rc2 Kxf6 $1 33. Rc7 b5 34. Kf3 (34. Rxh7 $4 Bg7) 34... Ke6 35. Rxh7
Bxd4 36. Rb7 Bc5 37. h4 Kf6 38. Rb8 Kg6 39. Rg8+ Kh5 40. Kf4 Bxf2 41. Rh8+ Kg6
42. h5+ Kg7 43. Rb8 Bd4 44. Kxf5 Kh6 {Here I thought that I had escaped, but
there are still a few obstacles.} 45. Kg4 Bc5 46. Re8 b4 47. Re6+ Kh7 48. h6 b3
49. Kh5 d5 50. Rc6 b2 51. Rc7+ Kh8 52. Rb7 Bd4 $1 53. Rb8+ (53. Kg6 Be5 54. Kf5
Bc3 55. Kg6 $10) (53. Rb8+ Kh7 54. Rb7+ Kg8 (54... Kh8 $10) 55. h7+ Kf8 56. Kg6
a5 57. Kf5 a4 58. Ke6 Bh8 59. Rb8+ Kg7 60. Rxb2) 1/2-1/2

[Event "Geneve PCA-GP Credit Suisse"]
[Site "Geneve"]
[Date "1996.09.01"]
[Round "3.2"]
[White "Anand, Viswanathan"]
[Black "Speelman, Jonathan S"]
[Result "1-0"]
[WhiteElo "2750"]
[BlackElo "2625"]
[Annotator "Anand,V"]
[PlyCount "65"]
[EventDate "1996.08.??"]
[EventType "k.o. (rapid)"]
[EventRounds "4"]
[EventCountry "SUI"]
[SourceTitle "CBM 054 Extra"]
[Source "ChessBase"]
[SourceDate "1996.11.01"]
[SourceVersion "1"]
[SourceVersionDate "1996.11.01"]
[SourceQuality "1"]

1. Nf3 d5 2. c4 d4 3. g3 Nc6 4. Bg2 e5 5. d3 Nf6 6. O-O Nd7 7. e3 Bc5 8. exd4
Nxd4 9. Nbd2 O-O 10. Nb3 Nxb3 $2 (10... Nxf3+ 11. Qxf3 Be7 {c6=}) 11. axb3 c6
12. Bd2 Nf6 $2 {Black doesn't get anything for the pawn. He should have just
accepted a passive position.} (12... Re8 13. Bc3 {Re1}) 13. Nxe5 Bd4 14. Bc3
Bf5 15. Re1 Qd6 16. Qf3 Be6 17. Qf4 Rfd8 18. b4 $1 {Tempting Black to take
back the P.} Bxe5 19. Rxe5 Qxd3 20. Rg5 Ne8 21. Qe5 Kf8 22. Rxg7 $1 Nxg7 23.
Qxg7+ Ke8 24. Re1 $1 {I don't see a defence for Black here.} Qg6 25. Qe5 {
Once White gets his K to h2, he can bring the R to the attack.} Kf8 26. b5 $1
Rac8 27. bxc6 bxc6 28. h4 Re8 29. Kh2 {Preparing Re4 etc. Black is helpless.}
f6 30. Qd6+ Kf7 31. Rxe6 Rxe6 32. Qd7+ Re7 33. Qxc8 1-0

[Event "Geneve PCA-GP Credit Suisse"]
[Site "Geneve"]
[Date "1996.09.01"]
[Round "4.1"]
[White "Anand, Viswanathan"]
[Black "Kasparov, Garry"]
[Result "0-1"]
[WhiteElo "2735"]
[BlackElo "2785"]
[Annotator "King,D"]
[PlyCount "109"]
[EventDate "1996.08.??"]
[EventType "k.o. (rapid)"]
[EventRounds "4"]
[EventCountry "SUI"]
[SourceTitle "CBM 054 Extra"]
[Source "ChessBase"]
[SourceDate "1996.11.01"]
[SourceVersion "1"]
[SourceVersionDate "1996.11.01"]
[SourceQuality "1"]

1. e4 {Anand} c5 2. Nf3 d6 3. d4 cxd4 4. Nxd4 Nf6 5. Nc3 a6 6. Be3 Ng4 7. Bg5
h6 8. Bh4 g5 9. Bg3 Bg7 10. Be2 h5 11. Bxg4 Bxg4 12. f3 Bd7 13. Bf2 Nc6 14. Qd2
Ne5 15. O-O e6 (15... g4 $1 {Anand} 16. f4 Nc4) 16. b3 Ng6 17. Rad1 g4 18. f4
h4 19. Nde2 h3 20. g3 {I hope you will forgive my digression; now we come on
to the main theme of this article: the far-advance of the rook's pawn. This
and the following game caught my eye, well, I was commentating live on both of
them, so they couldn't fail to.  The variation Kasparov has played has grown
in reputation over the last few years. The kingside pawns are flung up the
board introducing a variety of dynamic possibilities. Here Kasparov has
managed to advance his h-pawn all the way to h3 making life extremely awkward
for White. With no light-squared bishop to cover g2, there will always be a
threat of mate looming against the king should the position open. Moreover, as
both the e and f pawns have advanced, the king has no cover along the second
rank.} Rc8 21. e5 {Shutting out the bishop on g7 as 21...dxe5 22 Ne4 gives
White some chances. However, even after} d5 {White is not out of danger, even
though the position has closed.} 22. Nd4 O-O 23. Qd3 f5 $1 {Securing the
structure. White cannot contemplate 24 exf6 Qxf6 as the position begins to
open, and once again the king on g1 is in a shaky position.} 24. Nce2 Rf7 {
During the game, I thought I was better, but White should just keep the
position closed.} 25. Rc1 Bf8 26. c3 Ne7 27. Rfd1 Nc6 28. c4 {Opening the
position is a mistake, though the alternative was just to sit there and allow
Black to build up pressure on the queenside. It is difficult to criticise
moves in a speed game. Anand was obviously trying to blast his way through to
the weak-point on e6, but the plan rebounds.} dxc4 29. Rxc4 Qe8 30. Qd2 b5 31.
Rcc1 Nb4 32. Nc3 Rc7 $1 33. a3 Qa8 $1 {Precisely why the position should have
remained closed.} 34. Be3 Nd3 35. Rc2 b4 (35... Nc5 {Anand} 36. b4) 36. Na2 Nc5
37. Qe2 (37. axb4 {Anand} Ne4 38. Qe2 $14) 37... bxa3 38. b4 Ba4 39. bxc5 Bxc2
40. Nxc2 Bxc5 41. Bxc5 Rxc5 42. Ne1 Rb5 43. Qc4 Rb2 44. Qxe6 Qa7+ 45. Kh1 Rxh2+
46. Kxh2 Qf2+ 47. Kh1 Qf1+ 48. Kh2 Qe2+ 49. Kg1 Qxd1 {There's no perpetual.}
50. Kf1 (50. Qg6+ Kf8 51. Qh6+ Ke7 52. Qg5+ Kd7) 50... Qd7 51. Qxa6 h2 52. Qg6+
Rg7 53. Qh5 Rh7 54. Qg6+ Qg7 55. Qe8+ {time.  The h-pawn played a starring
role in the game and is due to be crowned for its hard work, but Anand lost on
time first.} 0-1

[Event "Geneve PCA-GP Credit Suisse"]
[Site "Geneve"]
[Date "1996.09.01"]
[Round "4.2"]
[White "Kasparov, Garry"]
[Black "Anand, Viswanathan"]
[Result "0-1"]
[WhiteElo "2785"]
[BlackElo "2750"]
[Annotator "Anand,V"]
[PlyCount "88"]
[EventDate "1996.08.??"]
[EventType "k.o. (rapid)"]
[EventRounds "4"]
[EventCountry "SUI"]
[SourceTitle "CBM 054 Extra"]
[Source "ChessBase"]
[SourceDate "1996.11.01"]
[SourceVersion "1"]
[SourceVersionDate "1996.11.01"]
[SourceQuality "1"]

1. Nf3 Nf6 2. c4 g6 3. Nc3 Bg7 {Laugh if you will, but I couldn't think of
anything else.} 4. e4 d6 5. d4 O-O 6. Be2 e5 {Here Garry thought long and hard,
but eventually decided that wimping out was not what was expected of him.} 7.
Be3 Ng4 {Before he changed his mind about dxe5!} 8. Bg5 f6 9. Bc1 Nc6 10. O-O
f5 11. Bg5 Bf6 12. Bxf6 Nxf6 13. exf5 $1 (13. d5 Ne7 14. exf5 gxf5) 13... Bxf5
14. d5 Ne7 15. Qd2 Kg7 16. Nh4 Bd7 17. f4 exf4 18. Qxf4 Nf5 19. Nxf5+ Bxf5 20.
g4 $1 Bd7 21. g5 (21. Qd4 h6 22. Rf2 Qe7 23. Raf1 Rae8) 21... Ng4 22. Qxf8+ (
22. Qd4+ $2 Ne5) 22... Qxf8 23. Rxf8 Rxf8 24. Bxg4 Bxg4 25. Nb5 Rf4 26. Nxc7
Rxc4 27. Ne8+ Kf8 28. Nf6 (28. Nxd6 Rc2 29. b3) 28... Bf5 29. Re1 Rc2 30. Re8+
Kf7 31. Rh8 Rxb2 32. Rxh7+ Kf8 33. h4 a5 $15 {Somehow Black has gotten an
advantage, but his next move is a big mistake.} 34. h5 $2 {I saw h5-h6 coming
and decided to snap it off. Now Black's K can escape from checks via g6. No
amount of description can do justice to the faces he pulled now! You have to
see the video!} gxh5 35. Nd7+ Bxd7 {The R ending is a cinch.} 36. Rxd7 Rxa2 37.
Rxd6 (37. Rxb7 Rd2 38. Rb5 a4 39. Ra5 Kg7 $19) 37... Rd2 38. Rd8+ Kg7 39. d6 b5
40. Kf1 a4 41. Ke1 Rd5 42. d7 b4 43. Rb8 Rxd7 44. Rxb4 Ra7 0-1

[Event "Geneve PCA-GP Credit Suisse"]
[Site "Geneve"]
[Date "1996.09.01"]
[Round "4.3"]
[White "Kasparov, Garry"]
[Black "Anand, Viswanathan"]
[Result "1/2-1/2"]
[WhiteElo "2785"]
[BlackElo "2750"]
[Annotator "Anand,V"]
[PlyCount "131"]
[EventDate "1996.08.??"]
[EventType "k.o. (rapid)"]
[EventRounds "4"]
[EventCountry "SUI"]
[SourceTitle "CBM 054 Extra"]
[Source "ChessBase"]
[SourceDate "1996.11.01"]
[SourceVersion "1"]
[SourceVersionDate "1996.11.01"]
[SourceQuality "1"]

1. c4 e5 2. Nc3 Nf6 3. Nf3 Nc6 4. g3 Bb4 5. Bg2 O-O 6. O-O Re8 7. d3 Bxc3 8.
bxc3 e4 9. dxe4 Nxe4 10. Qc2 d6 11. Nd4 Qe7 12. Rd1 Bd7 13. f3 Nc5 14. e4 Na5
15. Qe2 f5 16. Ba3 fxe4 17. fxe4 Rad8 18. Rf1 Nc6 19. Rae1 b6 20. Bc1 Ne5 21.
Nf5 Qe6 22. Bg5 Rc8 23. Qh5 Qg6 24. Qh4 Be6 25. Ne7+ Rxe7 26. Bxe7 Bxc4 27. Rf5
Re8 28. Bg5 Be6 29. Rff1 Bc4 30. Rf5 Be6 31. Ref1 $2 h6 32. Be3 Bxf5 33. exf5
Qg4 34. Bd5+ Kh7 35. Qxg4 Nxg4 36. Bd4 Nf6 37. Bf3 Nd3 38. h4 Ne5 39. Bd1 c5
40. Be3 Nd5 41. Bd2 Nc4 42. Re1 Rxe1+ 43. Bxe1 Nde3 44. Be2 d5 45. Kf2 Nxf5 46.
Bd3 g6 47. h5 Ne5 48. hxg6+ Kxg6 49. Bc2 h5 50. Ke2 Kf6 51. Bf2 d4 $2 52. Bxf5
Kxf5 53. cxd4 cxd4 54. Bxd4 {Suddenly I realized that I had made things more
complicated.} Nc6 55. Bf2 Ke4 56. a4 $1 Nd4+ 57. Kd2 Nf5 $6 (57... a6 $1) 58.
Ke2 Nd6 $2 59. a5 $1 bxa5 60. Bxa7 $10 a4 61. Bc5 Nf5 62. Kf2 Kd3 63. Kf3 Nd4+
64. Kg2 Ke4 65. Kh3 Ne6 66. Ba3 1/2-1/2

[Event "Geneve PCA-GP Credit Suisse"]
[Site "Geneve"]
[Date "1996.09.01"]
[Round "4.4"]
[White "Anand, Viswanathan"]
[Black "Kasparov, Garry"]
[Result "1-0"]
[WhiteElo "2750"]
[BlackElo "2785"]
[Annotator "Anand,V"]
[PlyCount "107"]
[EventDate "1996.08.??"]
[EventType "k.o. (rapid)"]
[EventRounds "4"]
[EventCountry "SUI"]
[SourceTitle "CBM 054 Extra"]
[Source "ChessBase"]
[SourceDate "1996.11.01"]
[SourceVersion "1"]
[SourceVersionDate "1996.11.01"]
[SourceQuality "1"]

{King: This was the second blitz game in the play-off of the final of the PCA
quickplay in Geneva (the first was drawn). Anand was convinced that the
opening variation was better for White so repeated it. However, he was less
thrilled to find himself with exactly the same pawn structure on the kingside
as before. Once again, Kasparov had a superb position.} 1. e4 c5 2. Nf3 d6 3.
d4 cxd4 4. Nxd4 Nf6 5. Nc3 a6 6. Be3 Ng4 7. Bg5 h6 8. Bh4 g5 9. Bg3 Bg7 10. Be2
h5 11. Bxg4 Bxg4 12. f3 Bd7 13. Bf2 Nc6 14. Qd2 Ne5 15. O-O g4 $1 {His
improvement over the 1st game.} 16. f4 Nc4 17. Qe2 Rc8 $1 18. b3 Na3 19. Nd5 e6
20. Nb4 Qa5 21. Qe1 h4 $1 {A very nice demonstration of power play - Black
could probably already try to win something on the kingside, but tries to
squeeze the maximum out of the position.} 22. Be3 h3 23. g3 Nb5 24. Rd1 Nc3 25.
Nd3 Qc7 26. Rc1 Nxe4 $19 27. f5 e5 28. f6 {What else can I do?} Nxf6 29. Nf5
Bxf5 30. Rxf5 Qc6 31. Qe2 Qe4 32. Rf2 Nd5 33. Re1 {With one last hope.} Qxe3 $4
{Well, this more than compensates me for the missed win in game 3!} 34. Qxg4 $1
$16 {The face pulling he did now rivalled anything he has ever done!} O-O 35.
Rxe3 Nxe3 36. Qxh3 {King: Anand said afterwards that he thought 36 Qd7 might
have been stronger, but after his experience with this opening in speed game 1,
he had learned his lesson: the pawn on h3 just had to go. A sound practical
decision, and germane to this discussion.   A rook's pawn nested on the sixth
rank can create all kinds of difficulties. Here, it helps to set up a mating
net, but even without queens, such a pawn is a thorn in the side, as we shall
see.} Nxc2 37. Qd7 Nd4 $2 (37... e4 38. Nf4 Bd4) 38. Qxb7 a5 39. Kg2 Rc3 40.
Nb2 Nc2 41. Nc4 d5 42. Nd6 Ne3+ 43. Kh3 f5 44. Qd7 f4 45. Qe6+ Kh7 46. Nf7 Rxf7
47. Qxf7 Rc6 48. gxf4 Rf6 49. Qc7 e4 50. f5 d4 51. Qe7 Rh6+ 52. Kg3 Nd1 53. Rf4
e3 54. Rg4 {And I won my first Grand Prix since April 1994!} 1-0

[Event "Las Palmas"]
[Site "Las Palmas"]
[Date "1996.12.20"]
[Round "9"]
[White "Topalov, Veselin"]
[Black "Anand, Viswanathan"]
[Result "1/2-1/2"]
[WhiteElo "2750"]
[BlackElo "2735"]
[Annotator "Kramnik,V"]
[PlyCount "77"]
[EventDate "1996.12.08"]
[EventType "tourn"]
[EventRounds "10"]
[EventCountry "ESP"]
[EventCategory "21"]
[SourceTitle "CBM 057"]
[Source "ChessBase"]
[SourceDate "1997.04.01"]
[SourceVersion "1"]
[SourceVersionDate "1997.04.01"]
[SourceQuality "1"]

1. e4 {Psakhis} c5 2. Nf3 d6 3. d4 cxd4 4. Nxd4 Nf6 5. Nc3 a6 6. Be2 e6 7. O-O
Nc6 8. Be3 Be7 9. f4 Qc7 10. Kh1 O-O 11. Bf3 Re8 12. a4 Bd7 13. Qd2 Rab8 14.
Nb3 b6 15. g4 Bc8 16. Qf2 {Psakhis New move, but I don't see any real
difference compare to normal} (16. g5 Nd7 17. Rad1 (17. Bg2 Na5 18. Nxa5 (18.
Qf2 Nc4 19. Bc1 Bf8 20. Nd4 Bb7 21. b3 Na5 22. Bb2 Nc6 23. Nde2 Nb4 $13 {
0-1 Smirin,I-Avrukh,B/Tel-Aviv 30' Cup 1996 (39)}) 18... bxa5 19. b3 Bb7 20.
Ne2 Rbc8 21. Ra2 Ba8 22. Ng3) 17... Bf8 18. Bg2 b5 19. axb5 axb5 20. Rf3 b4 21.
Ne2 Bb7 22. Rh3 g6 23. e5 Ne7 24. exd6 Bxg2+ 25. Kxg2 Qc6+ 26. Kg1 Nd5 27. Ng3
Qxd6 28. f5 Bg7 {Glek,I-Ribli,Z/Budapest 1996}) 16... Na5 17. Rad1 Nc4 18. Bc1
b5 19. g5 Nd7 (19... b4 $2 {Psakhis} 20. gxf6 bxc3 21. fxe7 cxb2 22. Bd2 $16)
20. axb5 axb5 21. Bg2 (21. Nd4 {Psakhis} b4 22. Ncb5 Qc5 23. b3 Na5 $15 {
[%csl Rb5]}) 21... b4 22. Ne2 Nc5 23. f5 (23. Nxc5 {Psakhis} dxc5 24. b3 Nd6
$11) 23... Bf8 24. g6 Nxb3 25. cxb3 Ne5 26. gxf7+ Qxf7 27. Nd4 exf5 28. exf5 (
28. Nxf5 {Psakhis} Qxb3 (28... Ba6 29. Qg3 $1) 29. Nxd6 Bxd6 30. Rxd6 Bh3 $13)
28... Bb7 $11 {Topalov didn't get any advantage .} 29. Ne6 Rbc8 $1 30. Ng5 (30.
Bxb7 {Psakhis} Qxb7+ 31. Qg2 Qxg2+ 32. Kxg2 Rc2+ 33. Rf2 Rec8 34. Bf4 Rxf2+ 35.
Kxf2 Rc2+ 36. Rd2 $11) 30... Qe7 (30... Bxg2+ $5 {Psakhis} 31. Qxg2 Qxb3 32. f6
Rc7 33. Rd4 $44) 31. Qd2 (31. f6 $2 {Psakhis} gxf6 32. Ne4 (32. Qxf6 Rc2 $1 33.
Be4 Qxf6 34. Rxf6 Ng4 $19) 32... Ng4 33. Nxf6+ Nxf6 34. Qxf6 Bxg2+ 35. Kxg2
Rc2+ 36. Kh1 Qxf6 37. Rxf6 Ree2 $36) 31... Kh8 32. Rde1 Qd7 33. Ne6 Qb5 (33...
Ba6 $5 {Psakhis} 34. Rg1 Nd3) 34. Rd1 Be7 35. Bxb7 (35. Nxg7 $2 {Psakhis} Rg8
$1 (35... Kxg7 $6 36. f6+ Bxf6 37. Qh6+ Kg8) 36. f6 Bxf6 37. Rxf6 Rxg7 38. Rf2
Rcg8 $19) 35... Qxb7+ 36. Qd5 Qxd5+ 37. Rxd5 $11 Nf7 (37... Rc2 {Psakhis} 38.
Bd2 (38. Nd4 Rc5 39. Rxc5 dxc5 40. Ne6 Nd3 $15) 38... Rxb2 39. Bxb4 Rxb3 40.
Bxd6 Bxd6 41. Rxd6 $11) 38. Bd2 Bf6 39. Bxb4 1/2-1/2

[Event "Las Palmas"]
[Site "Las Palmas"]
[Date "1996.12.21"]
[Round "10"]
[White "Anand, Viswanathan"]
[Black "Kasparov, Garry"]
[Result "1/2-1/2"]
[WhiteElo "2735"]
[BlackElo "2785"]
[Annotator "Kramnik,V"]
[PlyCount "66"]
[EventDate "1996.12.08"]
[EventType "tourn"]
[EventRounds "10"]
[EventCountry "ESP"]
[EventCategory "21"]
[SourceTitle "CBM 057"]
[Source "ChessBase"]
[SourceDate "1997.04.01"]
[SourceVersion "1"]
[SourceVersionDate "1997.04.01"]
[SourceQuality "1"]

1. e4 c5 2. Nf3 d6 3. d4 cxd4 4. Nxd4 Nf6 5. Nc3 a6 {The Najdorf system is
extremely popular in the tournament practice} 6. Be2 e6 7. a4 Be7 8. O-O O-O 9.
Be3 Nc6 10. f4 Re8 11. Bf3 Rb8 12. Kh1 Qc7 13. g4 {The famous Sheveningen
attack, which is not too dangerous here} Nxd4 14. Bxd4 e5 15. fxe5 dxe5 16. Ba7
Ra8 17. g5 Rd8 (17... Rxa7 $2 18. gxf6 Bxf6 19. Nd5 Qd8 20. Nxf6+ gxf6 21. Qe1
{with attack}) 18. Qe2 Ne8 19. Be3 Be6 {Black protecs the critical square d5.
The game is even} 20. Qf2 Rdc8 (20... Qc4 21. Bb6 $2 (21. Nd5 Bxd5 22. exd5 (
22. b3 Qc3 23. exd5 Nd6 24. Rac1 Rac8 25. Bd2 Qb2 26. c4 Qxb3 27. c5 Nf5 28. d6
Bxd6 29. cxd6 Rxc1 30. Rxc1 Qxa4 31. Qb6 Qd7 32. Ba5 Re8 33. Bb4 Ng3+ 34. hxg3
{1-0 Dolmatov,S-Namgilov,S/ch-RUS, Elista 1996}) 22... f5 23. gxf6 Nxf6 {
(Seirawan)}) 21... Rdc8 22. Be3 Bc5 {Black has a good play, Topalov-Kasparov,
Olympiad 1996, Yerevan}) 21. Rad1 (21. Bb6 $5 Qc4 22. a5 Qb4 {leads to very
complex play}) 21... Bc5 22. Bxc5 Qxc5 23. Nd5 Bxd5 24. Rxd5 Qxc2 25. Rxe5 Qxf2
26. Rxf2 g6 {After simplifications the game is about even} 27. Rd5 (27. Re7 Rc7
$10) 27... Nc7 28. Rd7 Ne6 29. Bg4 (29. Rxb7 Rc1+ (29... Nc5 30. Rb6 Nxa4 31.
Rf6 Nc5) (29... Nxg5 30. h4 Ne6 31. Bg4 Rc1+ 32. Kg2 Nc5 33. Rbxf7 Re8) 30. Kg2
Nxg5 31. Bg4 h5 {is good enaugh for equalizing}) 29... Nxg5 30. h4 Nxe4 31.
Rfxf7 Rc1+ {Now Kasparov is forcing a draw]} 32. Kg2 Rc2+ 33. Kg1 ({Of course
not} 33. Kf3 $2 Rf2+ 34. Kxe4 Rxf7 35. Be6 Re8 36. Kd5 Rxe6 37. Kxe6 Rxd7 38.
Kxd7 h5 39. Ke6 g5 {and Black wins}) (33. Kf1 Rf8 $11) (33. Kh3 {Lutz} Nf2+ (
33... Re8 34. Rg7+ Kh8 35. Rxh7+ Kg8 36. Rdg7+ Kf8 37. Rxb7 Ng5+ 38. hxg5 Re3+
39. Bf3 Rxf3+ 40. Kg4 $18) 34. Kg3 Nh1+ $5 {Fritz} (34... Nxg4 35. Rg7+ Kf8 36.
Kxg4 (36. Rxh7 $2 Nf6) 36... Rg2+ $1 37. Kf3 (37. Kf4 Rf2+ 38. Kg5 Rf5+ 39. Kg4
Rd8) 37... Rxb2 38. Rdf7+ Ke8 39. Rxh7 (39. Rc7 Kf8 40. Rxh7 Kg8 41. Rcg7+ Kf8
42. Rxg6 Rc8) 39... Rc8 $10) 35. Kf4 Rf8 36. Rxf8+ Kxf8 37. Rxb7 Nf2 38. Be6
Re2 $13) 33... Rc1+ 1/2-1/2